| 000 | 00768nam a22001817a 4500 | ||
|---|---|---|---|
| 999 |
_c15120 _d15120 |
||
| 003 | OSt | ||
| 082 | _2631.587 JOM/DE | ||
| 088 | _aT 347 | ||
| 100 |
_aJOMOL T. JOSEPH _93527 |
||
| 245 | _aDesign and evaluation of a horizontal filter unit for ground water recharge through abandoned tube well | ||
| 260 |
_aTavanur 2016 _bDEPARTMENT OF IRRIGATION AND DRAINAGE ENGINEERING |
||
| 300 | _a110 | ||
| 500 | _aDesign and evaluation of a horizontal filter unit for ground water recharge through abandoned tube well | ||
| 520 | _aDesign and evaluation of a horizontal filter unit for ground water recharge through abandoned tube well | ||
| 700 |
_aDr. Rema K. P (Guide) _93468 |
||
| 856 | _uhttps://drive.google.com/open?id=1Hlo-EhO61IBqEUBwQkfJ5utQWHl7Oqhb | ||
| 942 | _cTH | ||